| 000 | 01393nam a2200301Ia 4500 | ||
|---|---|---|---|
| 001 | ebr10188782 | ||
| 003 | CaPaEBR | ||
| 006 | m u | ||
| 007 | cr cn||||||||| | ||
| 008 | 070216s2007 si a sb 100 0 eng d | ||
| 020 | _z9789812705495 | ||
| 020 | _z981270549X | ||
| 040 |
_aCaPaEBR _cCaPaEBR |
||
| 035 | _a(OCoLC)648316963 | ||
| 050 | 1 | 4 |
_aQA403 _b.H237 2007eb |
| 245 | 0 | 0 |
_aHarmonic, wavelet and p-adic analysis _h[electronic resource] / _ceditors, N.M. Chuong ... [et al.]. |
| 260 |
_aSingapore ; _aHackensack, NJ : _bWorld Scientific, _cc2007. |
||
| 300 |
_aix, 381 p. : _bill. |
||
| 500 | _a" ... in 2005, from June 10 to 15, at the Quy Nhon University of Vietnam, an international summer school on 'Harmonic, wavelet and p-adic analysis' was organized ... This volume contains the lectures given ..."--Preface. | ||
| 504 | _aIncludes bibliographical references. | ||
| 533 |
_aElectronic reproduction. _bPalo Alto, Calif. : _cebrary, _d2009. _nAvailable via World Wide Web. _nAccess may be limited to ebrary affiliated libraries. |
||
| 650 | 0 |
_aHarmonic analysis _vCongresses. |
|
| 650 | 0 |
_ap-adic analysis _vCongresses. |
|
| 655 | 7 |
_aElectronic books. _2local |
|
| 700 | 1 |
_aChuong, N. M. _q(Nguyen Minh) |
|
| 710 | 2 | _aebrary, Inc. | |
| 856 | 4 | 0 |
_uhttp://site.ebrary.com/lib/rucke/Doc?id=10188782 _zAn electronic book accessible through the World Wide Web; click to view |
| 999 |
_c236025 _d236025 |
||